|
|
|
|
| LEADER |
00899nab#a2200337#ar4500 |
| 001 |
000097049 |
| 003 |
SVKKK |
| 005 |
20090820133302.0 |
| 008 |
090619c2009 xo |||||||||||||||b|slo |
| FMT |
|
|
|
| 015 |
|
|
|a SNBRB2009/08
|
| 038 |
|
|
|a SVKKK
|
| 040 |
|
|
|a SVKKK
|b slo
|e AACR2
|
| 041 |
0 |
|
|a slo
|
| 044 |
|
|
|a xo
|c SK
|
| 080 |
|
|
|a 634.8:061.3
|x (437.6)
|2 1997
|
| 080 |
|
|
|a 061.3
|x (437.6)
|2 1997
|
| 100 |
1 |
|
|a Húska, Dušan
|4 aut
|
| 245 |
1 |
0 |
|a Fórum vinohradníkov a vinárov 2009
|c Dušan Húska
|
| 300 |
|
|
|b Obr.
|
| 611 |
2 |
4 |
|a Fórum Viti-Viniculture Slovakia 2009
|g konferencia
|n (2. :
|d 25.-26. február 2009 :
|c Skalica, Slovensko)
|
| 650 |
0 |
4 |
|a vinohradníctvo
|
| 650 |
0 |
4 |
|a konferencie
|
| 773 |
0 |
|
|t Životné prostredie
|g Roč. 43, č. 1 (2009), s. 53-54
|x 0044-4863
|
| 958 |
|
|
|a Skalica
|
| 974 |
|
|
|a MI
|
| 992 |
|
|
|a RBX
|
| BAS |
|
|
|
| 852 |
|
|
|a SVKKK
|b BIB
|
| EXP |
|
|
|
| 998 |
|
|
|a SLO
|